000 00569nam a2200181Ia 4500
008 100920s9999 xx 000 0 und d
082 _b74397
_a891.43 थ 68
100 _aनागार्जुन.
245 _aइमरतिया.
260 _bराजपाल एण्ड सन्स ,कश्मीरी गेट, दिल्ली.
_c1968
300 _a120
_bसाधी
365 _b3
520 _aहिंदी.
630 _aइमरतिया.
650 _aहिंदी.
730 _aइमरतिया.
942 _cBOOK
999 _c715995
_d715992